01001nam a2200277 a 4500001000200000003000900002005001700011007000200028008003800030020001800068040002200086082002700108100002400135245016200159246004200321260004300363300002700406490004700433534003500480650004000515650004400555700003400599700003600633700003500669710001900704 DO-SdBNP20220321104808.0 090819s2008 mx a 000 0 spa d a9789702218265 aBPMSUbspacBPMSU a813.5bA613bl 20082221 a Ann Marsoli, Lisa 10aBlanca Nieves y los siente enanos : b¡Qué sorpresa! /cLisa Ann Marsoli ; ilustrado por Deam Devaney , y Diana Wakeman ; traducción Beatriz Stellino 13a Padres e hijos comparten y aprenden  aMéxico :bEdiciones Larousse, c2008 a42 p. :bil.,;c27 cm.0 aMi primera biblioteca familiar bilingüe  aTexto en español e inglés  4aCuentos infantiles estadounidenses. 4aLiteratura infantil estadounidensesv 1 aDevaney, Adameilustración 1 aWakeman, Diana eilustración 1 aStellino, Beatriz etraductor 2 aWalt Disney